INTEGUMENT TENEBRIO MOLITOR L. (INSECTA, COLEOPTERA) I. HISTOLÓGIA INTEGUMENTU LARVY

Bibliographic Details
Main Author: Pirčová, Eva, 1941- (Author)
Format: Article
Language:Slovak

MARC

LEADER 00000nab a2200000uu 4500
001 vtls011440884
003 SK-MaSNL
005 20260303123324.0
008 230213|1976 xo |||||||||||||||||slo|
015 |a SNBRB 
035 |a (urnnbn)urn:nbn:sk:snk:ar-002zl3 
035 |a (uuid)692815ee-df12-4dd1-94a7-7dc1663abcc6 
035 |a urn:nbn:sk:snk-abcf97 
040 |a SNKBUCL  |b slo  |c SNKBUCL  |e AACR2 
041 0 |a slo 
044 |a xo  |c SK 
100 1 |a Pirčová, Eva,  |d 1941-  |4 aut  |9 37731 
245 1 0 |a INTEGUMENT TENEBRIO MOLITOR L. (INSECTA, COLEOPTERA)  |b I. HISTOLÓGIA INTEGUMENTU LARVY  |c Eva Pirčová 
773 0 |t Biológia : časopis Slovenskej akadémie vied  |g Roč. 31, č. 2 (1976), s. 109-113 
954 |a odborná, vedecká literatúra pôvodná (slovenská)  |2 lita 
958 |a OND 
958 |a EUIPO 
958 |a article16 
999 |c 1925189  |d 1927119